| 000 | 00485nam a22001457a 4500 | ||
|---|---|---|---|
| 005 | 20250721115540.0 | ||
| 008 | 250721b |||||||| |||| 00| 0 eng d | ||
| 050 |
_aRES HD 62.7 .M37 2013 _bC.1 |
||
| 100 | _aMARIITA, BEATRICE BOCHABERI | ||
| 245 |
_aASSESSMENT OF CHALLENGES FACING PERFORMANCE IN SMALL SCALE ENTREPRENEURS _bA CASE OF KEBIRIGO TOWNSHIP, NYAMIRA COUNTY |
||
| 260 |
_aKISII _bKSU _c2013 |
||
| 300 | _aXII, 32P.,ILL. | ||
| 500 | _aINCLUDES REFERENCES | ||
| 942 |
_2lcc _cREF |
||
| 999 |
_c215949 _d215949 |
||